000 00682nam a22002417a 4500
001 BR7602293
003 BR-BrBNA
005 20230928084945.0
007 ta
008 230509b bl.||||| |||| 00| 0 por d
040 _aBR-BrBNA
_bpor
_cBiblioteca Nacional de Agricultura
041 _a(Por)
072 _aC00
_b/G514
090 _ C00 BR7602293
110 1 _aCoordenacao do Aperfeicoamento de Pessoal de Nivel Superior, Brasilia, DF (Brasil)
_92942
245 1 _aPos-graduacao. Catalogo de cursos [Brasil]
260 3 _aBrasilia, DF (Brasil):
_c1976.
300 _a189 p.
650 _aEDUCACAO
650 _aCURSO
909 _a202309
_bLucia
_c55
_dLucia Elande
942 _cBK
999 _c22095
_d22095